000 00920nas a2200277 4500
001 BR0603495
003 BR-BrBNA
005 20231205110239.0
007 ta
008 230509b bl.|||p| |||| 00| 00por d
040 _aBR-BrBNA
_bpor
_cBiblioteca Nacional de Agricultura
041 _a(Pt)
072 _aF30; F03
100 1 _aMoreira, L.B.
100 1 _aLopes, H.M.
100 1 _aNascimento, S.G.M.
245 1 _aEfeito da população de plantas sobre as caracteristicas agronômicas, produção e qualidade de sementes de milheto Pérola (Pennisetum glaucum (L.)R. Brown), cv. Ena 1
650 _aMILHETO
650 _aPOPULAÇÃO DE PLANTA
650 _aSEMENTE
650 _aCARACTERISTICAS AGRONÔMICAS
650 _aPRODUTIVIDADE
773 0 _tAgronomia (Brazil)
_xISSN 0365-2718
_g(Jan-Jul 2004), v. 38(1) p. 76-82
_wBR0603495
909 _a202311
_bLúcia
_c55
_dLúcia Elande
942 _2AGRIS
_n0
_cANA
999 _c186671
_d186671